The Review from the Kremlin (Record no. 533814)
[ view plain ]
| 000 -LEADER | |
|---|---|
| fixed length control field | 00278nam a22001217a 4500 |
| 040 ## - CATALOGING SOURCE | |
| Transcribing agency | dlc |
| 082 ## - DEWEY DECIMAL CLASSIFICATION NUMBER | |
| Classification number | 947.0854 |
| 100 ## - MAIN ENTRY--PERSONAL NAME | |
| Personal name | Boris Yeltsin |
| 9 (RLIN) | 27803 |
| 245 ## - TITLE STATEMENT | |
| Title | The Review from the Kremlin |
| 260 ## - PUBLICATION, DISTRIBUTION, ETC. | |
| Place of publication, distribution, etc. | London |
| Name of publisher, distributor, etc. | Harper Collins |
| Date of publication, distribution, etc. | c1994 |
| 300 ## - PHYSICAL DESCRIPTION | |
| Extent | 316;pxv |
| 942 ## - ADDED ENTRY ELEMENTS (KOHA) | |
| Source of classification or shelving scheme | |
| Koha item type | Book |
| Withdrawn status | Lost status | Source of classification or shelving scheme | Damaged status | Not for loan | Permanent Location | Current Location | Date acquired | Total Checkouts | Full call number | Barcode | Date last seen | Price effective from | Koha item type |
|---|---|---|---|---|---|---|---|---|---|---|---|---|---|
| School of Civil and Environmental Engineering (SCEE) | School of Civil and Environmental Engineering (SCEE) | 01/21/2020 | 947.0854 | NIT-9287 | 01/21/2020 | 01/21/2020 | Book |
